Pop culture en images - B - Statistiques

Statistiques générales
  • Ce quiz a été pris 475 fois
  • Le résultat moyen est 8 sur 16
Statistiques - réponses
Par images Réponse % Correct
Bowser
96%
Baloo
90%
Bulbizarre
84%
Ben 10
82%
Bob Razowski
81%
Bruce Lee
73%
Bulma
69%
Bilbon Sacquet
62%
Ban
40%
Bayonetta
36%
Benjamin Button
36%
Barbouille
29%
Biscuit Krueger
28%
Bam
9%
Badger
7%
Beyond Good and Evil
6%
Aucun quiz correspondant
Distribution des résultats
% des personnes avec chaque résultat
Percentile par nombre de réponses
Votre historique - résultats
Vous n’avez pas pris ce quiz